Get the Picture: Rotten Tomatoes Fresh or Not? Quiz Stats

 Plays Quiz Updated Feb 23, 2019

Score 0/20 Timer 03:00
4 Plays Today
Question Answer Wrong Answers
Frozen (2013) Fresh
89.7%
Rotten
6.9%
Shrek (2001) Fresh
89.2%
Rotten
7.4%
The Hunger Games (2012) Fresh
83%
Rotten
13.6%
Deadpool (2016) Fresh
79.7%
Rotten
17.1%
Suicide Squad (2016) Rotten
75.1%
Fresh
21.2%
Troy (2004) Rotten
72.8%
Fresh
23.7%
Billy Madison (1995) Rotten
71.3%
Fresh
25.5%
The Hangover (2009) Fresh
68.7%
Rotten
28%
Halloween (1978) Fresh
67.6%
Rotten
29.3%
Fantastic Four (2005) Rotten
67.3%
Fresh
29.7%
Star Wars: The Last Jedi (2017) Fresh
66.6%
Rotten
30%
It (2017) Fresh
64.8%
Rotten
32.2%
Ace Ventura: Pet Detective (1993) Rotten
64.6%
Fresh
32%
Space Jam (1996) Rotten
57.5%
Fresh
39.2%
Saw (2004) Rotten
55.4%
Fresh
41.4%
Predator (1987) Fresh
55%
Rotten
41.6%
Major League (1987) Fresh
45.4%
Rotten
51.2%
Basic Instinct (1992) Rotten
41.9%
Fresh
54.9%
Madagascar (2005) Rotten
23.8%
Fresh
73%
Top Gun (1986) Rotten
20.7%
Fresh
76.1%

Today's Daily Dose

Missing Word
Video Games (A-Z)

Get the Picture
Tom Hanks

You're not logged in!

Compare scores with friends on all Sporcle quizzes.
OR
Log In

Sporcle TV

Today on Sporcle TV


Watch our educational content, quiz creation guides, and fun videos on Sporcle TV.

Show Comments

Extras

Top Quizzes Today


Score Distribution

Your Account Isn't Verified!

In order to create a playlist on Sporcle, you need to verify the email address you used during registration. Go to your Sporcle Settings to finish the process.

Report this User

Report this user for behavior that violates our Community Guidelines.

Details: